| 000 | 02590cam a22004814a 4500 | ||
|---|---|---|---|
| 001 | muse85592 | ||
| 003 | MdBmJHUP | ||
| 005 | 20210127151703.0 | ||
| 006 | m o d | ||
| 007 | cr||||||||nn|n | ||
| 008 | 170601t20172017cau o 00 0 eng d | ||
| 010 | _z 2017023890 | ||
| 020 | _a9781606065426 | ||
| 020 | _z9781606065419 (pbk.) | ||
| 035 | _a(OCoLC)992437771 | ||
| 040 |
_aMdBmJHUP _cMdBmJHUP |
||
| 050 | 0 | 4 |
_aNK7907 _b.C64 2015 |
| 082 | 0 |
_a745.1093 _223 |
|
| 245 | 1 | 0 |
_aArtistry in Bronze _bThe Greeks and Their Legacy XIXth International Congress on Ancient Bronzes / _cedited by Jens M. Daehner, Kenneth Lapatin, Ambra Spinelli. |
| 250 | _aFirst edition. | ||
| 300 |
_a1 online resource (xiv, 409 pages) : _billustrations ; |
||
| 504 | _aIncludes bibliographical references. | ||
| 505 | 0 | _aThe Bronze athlete from Ephesos / Georg A. Plattner, Kurt Gschwantler, and Bettina Vak -- The portrait of a Hellenistic ruler in the National Museum of Iran / Gunvor Lindström -- A defined protocol for in situ micro-XRF compositional analysis of bronze figurines from the National Museum of Damascus, Syria / V. Kantarelou, A.G. Karydas, L. Mahfoud, A. Qurdab, M. Al-Saadi, and V. Argyropoulos. | |
| 506 | 0 |
_aOpen Access _fUnrestricted online access _2star |
|
| 520 | _a"The forty-seven papers in this volume derive from the proceedings of the nineteenth International Bronze Congress, held at the Getty Center and Villa in October 2015 in connection with the exhibition Power and Pathos: Bronze Sculpture of the Hellenistic World"--Provided by publisher. | ||
| 588 | _aDescription based on print version record. | ||
| 650 | 0 |
_aBronzes _xConservation and restoration _vCongresses. |
|
| 650 | 0 |
_aBronzes, Hellenistic _vCongresses. |
|
| 650 | 0 |
_aBronzes, Ancient _vCongresses. |
|
| 655 | 7 |
_aElectronic books. _2local |
|
| 700 | 1 |
_aSpinelli, Ambra, _d1982- _eeditor. |
|
| 700 | 1 |
_aLapatin, Kenneth D. S., _eeditor. |
|
| 700 | 1 |
_aDaehner, Jens, _eeditor. |
|
| 710 | 2 |
_aGetty Conservation Institute, _eissuing body. |
|
| 710 | 2 |
_aJ. Paul Getty Museum, _eissuing body. |
|
| 776 | 1 | 8 |
_iOnline version: _tArtistry in bronze _dLos Angeles : J. Paul Getty Museum, [2017] _z9781606065426 _w(DLC) 2017030606 |
| 710 | 2 |
_aProject Muse. _edistributor |
|
| 830 | 0 | _aBook collections on Project MUSE. | |
| 856 | 4 | 0 |
_zFull text available: _uhttps://muse.jhu.edu/book/74914/ |
| 999 |
_c26660 _d26660 |
||